[Event "WCO 2016"]
[Site "?"]
[Date "2016.09.11"]
[Round "9"]
[Board "30"]
[WhiteID "12000027"]
[White "Frick Renato"]
[BlackID "15200019"]
[Black "Mueller Leonhard"]
[Result "0-1"]
[BlackElo "2204"]
[WhiteElo "2000"]
[LiveChessVersion "1.4.8"]

1. e4 {[%clk 1:30:57]} g6 {[%clk 1:30:50]} 2. d4 {[%clk 1:31:19]} Bg7
{[%clk 1:31:17]} 3. Nf3 {[%clk 1:31:20]} d6 {[%clk 1:31:35]} 4. Nc3
{[%clk 1:31:18]} a6 {[%clk 1:31:33]} 5. Be3 {[%clk 1:28:10]} b5 {[%clk 1:31:38]}
6. Bd3 {[%clk 1:22:23]} Nd7 {[%clk 1:31:48]} 7. a4 {[%clk 1:13:15]} b4
{[%clk 1:31:46]} 8. Na2 {[%clk 1:13:33]} c5 {[%clk 1:17:19]} 9. c3
{[%clk 1:13:06]} bxc3 {[%clk 1:12:01]} 10. bxc3 {[%clk 1:13:28]} Ngf6
{[%clk 1:09:08]} 11. O-O {[%clk 1:12:23]} O-O {[%clk 1:09:24]} 12. Nd2
{[%clk 1:10:24]} e6 {[%clk 0:58:48]} 13. Qe2 {[%clk 1:01:08]} Qc7
{[%clk 0:58:01]} 14. f4 {[%clk 0:55:21]} Bb7 {[%clk 0:57:02]} 15. Rfc1
{[%clk 0:49:13]} Bc6 {[%clk 0:46:21]} 16. g4 {[%clk 0:41:04]} Bxa4
{[%clk 0:42:23]} 17. g5 {[%clk 0:37:58]} Nh5 {[%clk 0:40:11]} 18. Bxa6
{[%clk 0:38:17]} Ra7 {[%clk 0:38:05]} 19. Bd3 {[%clk 0:31:51]} Rfa8
{[%clk 0:38:17]} 20. Rcb1 {[%clk 0:28:05]} cxd4 {[%clk 0:26:12]} 21. cxd4
{[%clk 0:27:45]} Bc2 {[%clk 0:17:25]} 22. Bxc2 {[%clk 0:20:30]} Qxc2
{[%clk 0:17:43]} 23. Nb4 {[%clk 0:20:14]} Qc3 {[%clk 0:12:55]} 24. Rxa7
{[%clk 0:19:33]} Rxa7 {[%clk 0:13:17]} 25. Rb3 {[%clk 0:16:42]} Qa1+
{[%clk 0:11:25]} 26. Rb1 {[%clk 0:15:00]} Qc3 {[%clk 0:11:34]} 27. Rb3
{[%clk 0:15:24]} Ra1+ {[%clk 0:09:41]} 28. Kg2 {[%clk 0:14:37]} Qc1
{[%clk 0:09:19]} 29. Nf1 {[%clk 0:14:55]} Nxf4+ {[%clk 0:08:46]} 30. Bxf4
{[%clk 0:14:03]} Qxf4 {[%clk 0:09:08]} 31. Nc6 {[%clk 0:09:22]} Qxg5+
{[%clk 0:08:50]} 32. Ng3 {[%clk 0:09:22]} h5 {[%clk 0:07:36]} 33. Rb5
{[%clk 0:08:42]} Qc1 {[%clk 0:07:19]} 34. d5 {[%clk 0:09:06]} exd5
{[%clk 0:06:38]} 35. exd5 {[%clk 0:09:33]} h4 {[%clk 0:06:00]} 36. Qe8+
{[%clk 0:07:03]} Kh7 {[%clk 0:05:41]} 37. Qxd7 {[%clk 0:07:15]} hxg3
{[%clk 0:06:02]} 38. Qh3+ {[%clk 0:03:53]} Bh6 {[%clk 0:04:56]} 0-1

[Event "WCO 2016"]
[Site "?"]
[Date "2016.09.11"]
[Round "9"]
[Board "31"]
[WhiteID "15200035"]
[White "Oberholzer Rex"]
[BlackID "14531216"]
[Black "Jelic Dejan"]
[Result "1-0"]
[BlackElo "1956"]
[WhiteElo "2047"]
[LiveChessVersion "1.4.8"]

1. c4 {[%clk 1:30:53]} Nf6 {[%clk 1:30:47]} 2. Nc3 {[%clk 1:31:12]} e5
{[%clk 1:30:34]} 3. Nf3 {[%clk 1:31:08]} Nc6 {[%clk 1:29:36]} 4. e4
{[%clk 1:31:30]} Bc5 {[%clk 1:28:47]} 5. Nxe5 {[%clk 1:31:48]} Bxf2+
{[%clk 1:21:46]} 6. Kxf2 {[%clk 1:32:10]} Nxe5 {[%clk 1:22:13]} 7. d4
{[%clk 1:32:31]} Neg4+ {[%clk 1:21:10]} 8. Kg1 {[%clk 1:32:47]} d6
{[%clk 1:19:08]} 9. h3 {[%clk 1:32:53]} Nh6 {[%clk 1:19:20]} 10. Bg5
{[%clk 1:31:56]} Qd7 {[%clk 1:14:34]} 11. Bxf6 {[%clk 1:31:10]} gxf6
{[%clk 1:14:50]} 12. Qh5 {[%clk 1:31:25]} Ng8 {[%clk 1:14:32]} 13. Bd3
{[%clk 1:31:15]} b6 {[%clk 1:12:36]} 14. Kh2 {[%clk 1:29:46]} Bb7
{[%clk 1:12:24]} 15. Rhf1 {[%clk 1:29:25]} Ne7 {[%clk 1:03:58]} 16. Rxf6
{[%clk 1:28:57]} O-O-O {[%clk 1:03:48]} 17. Raf1 {[%clk 1:29:21]} Kb8
{[%clk 1:03:31]} 18. Rxf7 {[%clk 1:28:56]} Qe8 {[%clk 1:03:50]} 19. Qh6
{[%clk 1:25:11]} Bc8 {[%clk 0:55:47]} 20. Qf6 {[%clk 1:20:21]} Ng6
{[%clk 0:53:04]} 21. Qg7 {[%clk 0:50:52]} Be6 {[%clk 0:37:05]} 22. Rxc7
{[%clk 0:42:31]} Bd7 {[%clk 0:36:41]} 23. Nb5 {[%clk 0:42:50]} Rf8
{[%clk 0:28:27]} 24. Rb7+ {[%clk 0:42:55]} 1-0

[Event "WCO 2016"]
[Site "?"]
[Date "2016.09.11"]
[Round "9"]
[Board "32"]
[WhiteID "12000159"]
[White "Muendle Kurt"]
[BlackID "15200434"]
[Black "Nitzborn Max Baron"]
[Result "0-1"]
[BlackElo "1970"]
[WhiteElo "1857"]
[LiveChessVersion "1.4.8"]

1. d4 {[%clk 1:30:55]} Nf6 {[%clk 1:30:56]} 2. Nf3 {[%clk 1:31:13]} e6
{[%clk 1:31:19]} 3. c4 {[%clk 1:31:28]} b6 {[%clk 1:31:42]} 4. Nc3
{[%clk 1:31:31]} Bb7 {[%clk 1:32:01]} 5. e3 {[%clk 1:31:05]} Bb4 {[%clk 1:32:25]}
6. Bd3 {[%clk 1:28:45]} Ne4 {[%clk 1:30:25]} 7. Qc2 {[%clk 1:28:02]} Bxc3+
{[%clk 1:30:39]} 8. bxc3 {[%clk 1:28:12]} f5 {[%clk 1:31:03]} 9. O-O
{[%clk 1:25:56]} O-O {[%clk 1:31:29]} 10. Nd2 {[%clk 1:24:15]} Nf6
{[%clk 1:28:55]} 11. e4 {[%clk 1:20:07]} fxe4 {[%clk 1:22:21]} 12. Nxe4
{[%clk 1:20:15]} Nxe4 {[%clk 1:22:40]} 13. Bxe4 {[%clk 1:20:36]} Bxe4
{[%clk 1:21:41]} 14. Qxe4 {[%clk 1:20:57]} Nc6 {[%clk 1:21:24]} 15. Qg4
{[%clk 1:08:01]} Rf5 {[%clk 1:15:25]} 16. Be3 {[%clk 0:58:23]} Qf6
{[%clk 1:10:59]} 17. Qe4 {[%clk 0:55:54]} Rf8 {[%clk 1:06:14]} 18. d5
{[%clk 0:51:58]} exd5 {[%clk 0:57:57]} 19. cxd5 {[%clk 0:52:01]} Na5
{[%clk 0:56:16]} 20. Rac1 {[%clk 0:42:40]} c5 {[%clk 0:52:55]} 21. dxc6
{[%clk 0:34:03]} dxc6 {[%clk 0:53:13]} 22. Bd4 {[%clk 0:29:41]} Qf7
{[%clk 0:51:43]} 23. c4 {[%clk 0:21:28]} Rf4 {[%clk 0:41:19]} 24. Qe3
{[%clk 0:15:51]} Nxc4 {[%clk 0:39:42]} 25. Qc3 {[%clk 0:13:56]} Na5
{[%clk 0:39:10]} 26. Rc2 {[%clk 0:12:14]} c5 {[%clk 0:39:35]} 27. Be3
{[%clk 0:09:49]} Rc4 {[%clk 0:40:00]} 28. Qd2 {[%clk 0:09:33]} Rxc2
{[%clk 0:39:57]} 29. Qxc2 {[%clk 0:10:01]} Nc4 {[%clk 0:39:28]} 30. Bg5
{[%clk 0:07:46]} h6 {[%clk 0:39:34]} 31. Bh4 {[%clk 0:07:58]} Ne3
{[%clk 0:39:41]} 0-1

[Event "WCO 2016"]
[Site "?"]
[Date "2016.09.11"]
[Round "9"]
[Board "33"]
[WhiteID "1126768"]
[White "Belzo Krzysztof"]
[BlackID "12600148"]
[Black "Anquandah Francis Eric"]
[Result "1-0"]
[BlackElo "1951"]
[WhiteElo "2044"]
[LiveChessVersion "1.4.8"]

1. c4 {[%clk 1:30:57]} e5 {[%clk 1:30:51]} 2. g3 {[%clk 1:31:22]} Nf6
{[%clk 1:31:03]} 3. Bg2 {[%clk 1:31:47]} c6 {[%clk 1:30:02]} 4. Nc3
{[%clk 1:30:56]} Be7 {[%clk 1:28:57]} 5. d4 {[%clk 1:29:55]} exd4
{[%clk 1:28:27]} 6. Qxd4 {[%clk 1:30:21]} O-O {[%clk 1:28:26]} 7. Nf3
{[%clk 1:28:20]} Na6 {[%clk 1:21:18]} 8. O-O {[%clk 1:26:25]} Nc7
{[%clk 1:17:13]} 9. e4 {[%clk 1:22:11]} Ne6 {[%clk 1:16:34]} 10. Qd1
{[%clk 1:15:51]} d6 {[%clk 1:14:07]} 11. Nh4 {[%clk 1:13:41]} Nc5
{[%clk 1:12:56]} 12. b4 {[%clk 1:06:13]} Na6 {[%clk 1:09:11]} 13. b5
{[%clk 0:59:18]} Nb8 {[%clk 1:04:34]} 14. a4 {[%clk 0:57:03]} Be6
{[%clk 1:03:37]} 15. Qe2 {[%clk 0:51:28]} Nfd7 {[%clk 0:59:38]} 16. Nf3
{[%clk 0:47:01]} Bf6 {[%clk 0:45:45]} 17. Bb2 {[%clk 0:46:41]} Qa5
{[%clk 0:45:34]} 18. Rfc1 {[%clk 0:41:26]} Nc5 {[%clk 0:39:18]} 19. Rc2
{[%clk 0:32:39]} Bg4 20. Ra3 {[%clk 0:15:55]} Nbd7 {[%clk 0:33:20]} 21. Qd2
{[%clk 0:11:31]} Qc7 {[%clk 0:28:29]} 22. Nd4 {[%clk 0:10:35]} Ne6
{[%clk 0:23:45]} 23. Nce2 {[%clk 0:10:12]} Nxd4 {[%clk 0:19:05]} 24. Nxd4
{[%clk 0:10:27]} Rad8 {[%clk 0:14:37]} 25. h3 {[%clk 0:10:42]} Be6
{[%clk 0:14:22]} 26. f4 {[%clk 0:09:54]} c5 27. Nxe6 {[%clk 0:07:42]} fxe6
{[%clk 0:11:51]} 28. Bc1 {[%clk 0:07:05]} Bd4+ {[%clk 0:11:51]} 29. Kh2
{[%clk 0:07:11]} Nf6 {[%clk 0:10:09]} 30. Qe2 {[%clk 0:06:29]} Qf7
{[%clk 0:10:09]} 31. Rf3 {[%clk 0:06:03]} Qh5 32. Rd3 {[%clk 0:05:46]} Qg6
{[%clk 0:09:28]} 33. Bf3 {[%clk 0:05:40]} b6 {[%clk 0:08:41]} 34. Bb2
{[%clk 0:05:00]} d5 {[%clk 0:04:51]} 35. exd5 {[%clk 0:04:58]} exd5
{[%clk 0:05:13]} 36. Bxd4 {[%clk 0:04:54]} dxc4 {[%clk 0:04:46]} 37. Rxc4
{[%clk 0:03:00]} Rfe8 {[%clk 0:04:42]} 38. Re3 {[%clk 0:00:50]} cxd4
{[%clk 0:04:30]} 39. Rxe8+ {[%clk 0:30:50]} Rxe8 {[%clk 0:33:22]} 40. Qd2
{[%clk 0:28:07]} d3 {[%clk 0:30:35]} 41. Rd4 {[%clk 0:26:11]} h6 {[%clk 0:29:56]}
42. Rxd3 {[%clk 0:17:55]} Ne4 {[%clk 0:30:10]} 43. Bxe4 {[%clk 0:17:21]} Qxe4
{[%clk 0:27:36]} 44. Rd7 {[%clk 0:16:46]} Qxa4 45. Qb2 1-0

[Event "WCO 2016"]
[Site "?"]
[Date "2016.09.11"]
[Round "9"]
[Board "34"]
[WhiteID "12600083"]
[White "Hasford John Kojo"]
[BlackID "10700331"]
[Black "Forbes Garry"]
[Result "1/2-1/2"]
[BlackElo "1911"]
[WhiteElo "1970"]
[LiveChessVersion "1.4.8"]

1. d4 {[%clk 1:30:55]} g6 {[%clk 1:30:56]} 2. Nf3 {[%clk 1:31:02]} Bg7
{[%clk 1:31:21]} 3. c4 {[%clk 1:31:14]} Nf6 {[%clk 1:31:37]} 4. Nc3
{[%clk 1:31:21]} O-O {[%clk 1:31:45]} 5. h3 {[%clk 1:31:41]} d6 {[%clk 1:32:13]}
6. Bf4 {[%clk 1:31:03]} Nfd7 {[%clk 1:23:39]} 7. e3 {[%clk 1:28:52]} e5
{[%clk 1:22:25]} 8. Bg5 {[%clk 1:26:52]} Bf6 {[%clk 1:16:20]} 9. Bxf6
{[%clk 1:26:07]} Qxf6 {[%clk 1:16:41]} 10. Nd5 {[%clk 1:26:12]} Qd8
{[%clk 1:16:50]} 11. Be2 {[%clk 1:26:13]} Nc6 {[%clk 1:13:00]} 12. O-O
{[%clk 1:25:55]} Ne7 {[%clk 1:12:10]} 13. Rc1 {[%clk 1:25:00]} c6
{[%clk 1:01:56]} 14. Nc3 {[%clk 1:24:12]} Nf5 {[%clk 0:56:57]} 15. d5
{[%clk 1:20:35]} c5 {[%clk 0:56:34]} 16. Re1 {[%clk 1:18:33]} Ng7
{[%clk 0:55:03]} 17. Nh2 {[%clk 1:16:52]} f5 {[%clk 0:53:30]} 18. Bf3
{[%clk 1:14:55]} g5 {[%clk 0:49:54]} 19. e4 {[%clk 1:14:34]} f4 {[%clk 0:47:52]}
20. a3 {[%clk 1:13:40]} Qf6 {[%clk 0:38:05]} 21. Kf1 {[%clk 1:08:24]} Qg6
{[%clk 0:36:24]} 22. Ke2 {[%clk 1:07:33]} Nf6 {[%clk 0:36:05]} 23. Kd2
{[%clk 1:07:34]} Bd7 {[%clk 0:35:52]} 24. Kc2 {[%clk 1:07:39]} a6
{[%clk 0:34:05]} 25. Kb1 {[%clk 1:06:26]} b5 {[%clk 0:33:48]} 26. Qe2
{[%clk 1:02:52]} Rfb8 {[%clk 0:32:32]} 27. Ka1 {[%clk 1:02:01]} b4
{[%clk 0:31:14]} 28. Nb1 {[%clk 1:00:14]} a5 {[%clk 0:30:30]} 29. Ng4
{[%clk 0:58:41]} Nfe8 {[%clk 0:29:13]} 30. Rc2 {[%clk 0:58:00]} h5
{[%clk 0:28:28]} 31. Nh2 {[%clk 0:58:24]} Nf6 {[%clk 0:28:57]} 32. Qd3
{[%clk 0:58:07]} Rb6 {[%clk 0:21:13]} 33. Rd2 {[%clk 0:57:33]} Rab8
{[%clk 0:20:51]} 34. Bd1 {[%clk 0:57:07]} Nge8 {[%clk 0:16:14]} 35. Nf3
{[%clk 0:57:21]} Nc7 {[%clk 0:16:15]} 36. h4 {[%clk 0:52:50]} g4 {[%clk 0:13:58]}
37. Ng5 {[%clk 0:53:18]} Nh7 {[%clk 0:14:00]} 38. Nxh7 {[%clk 0:53:13]} Kxh7
{[%clk 0:12:54]} 39. g3 {[%clk 0:53:14]} f3 {[%clk 0:10:00]} 40. Re3
{[%clk 1:22:51]} bxa3 {[%clk 0:38:32]} 41. Nxa3 {[%clk 1:22:57]} Na6
{[%clk 0:38:47]} 42. Qb1 {[%clk 1:18:31]} Kg7 {[%clk 0:33:23]} 43. Rc3
{[%clk 1:15:04]} Be8 {[%clk 0:32:37]} 44. Re3 {[%clk 1:12:02]} Bd7
{[%clk 0:27:11]} 45. Qd3 {[%clk 1:09:44]} 1/2-1/2

[Event "WCO 2016"]
[Site "?"]
[Date "2016.09.11"]
[Round "9"]
[Board "35"]
[WhiteID "15600106"]
[White "Mooney Graham"]
[BlackID "12600407"]
[Black "Jamena Joseph Mensah"]
[Result "1-0"]
[BlackElo "1992"]
[WhiteElo "1840"]
[LiveChessVersion "1.4.8"]

1. e4 {[%clk 1:30:49]} e5 {[%clk 1:30:56]} 2. Nf3 {[%clk 1:31:07]} Nc6
{[%clk 1:31:24]} 3. Bb5 {[%clk 1:31:17]} Nf6 {[%clk 1:31:51]} 4. O-O
{[%clk 1:31:19]} Bc5 {[%clk 1:32:19]} 5. Nxe5 {[%clk 1:28:56]} O-O
{[%clk 1:30:38]} 6. Bxc6 {[%clk 1:28:18]} dxc6 {[%clk 1:30:33]} 7. d3
{[%clk 1:27:50]} Re8 {[%clk 1:29:59]} 8. Nf3 {[%clk 1:26:55]} Bg4
{[%clk 1:29:48]} 9. h3 {[%clk 1:25:55]} Bh5 {[%clk 1:30:10]} 10. Bg5
{[%clk 1:25:28]} Qe7 {[%clk 1:18:32]} 11. g4 {[%clk 1:22:07]} Qe6
{[%clk 1:11:13]} 12. gxh5 {[%clk 1:19:17]} Qxh3 {[%clk 1:10:51]} 13. Bxf6
{[%clk 1:18:50]} gxf6 {[%clk 1:11:11]} 14. Nh2 {[%clk 1:18:27]} Kh8
{[%clk 1:05:31]} 15. Qf3 {[%clk 1:17:37]} Rg8+ {[%clk 1:05:48]} 16. Kh1
{[%clk 1:17:57]} Qh4 {[%clk 1:04:11]} 17. Qe2 {[%clk 1:13:57]} Rg5
{[%clk 0:57:40]} 18. f4 {[%clk 1:11:14]} Rg3 {[%clk 0:54:10]} 19. Nd2
{[%clk 1:10:52]} Rag8 {[%clk 0:53:49]} 20. d4 {[%clk 1:09:12]} Bxd4
{[%clk 0:53:04]} 21. Ndf3 {[%clk 1:06:26]} Qh3 {[%clk 0:50:16]} 22. Rg1
{[%clk 1:04:04]} Bxg1 {[%clk 0:44:57]} 23. Rxg1 {[%clk 1:04:26]} Qxh5
{[%clk 0:44:06]} 24. Rxg3 {[%clk 1:03:39]} Rxg3 {[%clk 0:44:32]} 25. Nd4
{[%clk 1:02:19]} Qg6 {[%clk 0:41:23]} 26. Ndf3 {[%clk 1:02:18]} h5
{[%clk 0:40:23]} 27. Qf2 {[%clk 0:59:57]} h4 {[%clk 0:38:47]} 28. Nxh4
{[%clk 0:54:23]} Qxe4+ {[%clk 0:39:04]} 29. Ng2 {[%clk 0:54:21]} Rh3
{[%clk 0:35:41]} 30. Kg1 {[%clk 0:50:11]} Qh7 {[%clk 0:34:48]} 31. Ne3
{[%clk 0:49:07]} Qh5 {[%clk 0:33:32]} 32. f5 {[%clk 0:44:40]} Qg5+
{[%clk 0:32:10]} 33. Ng2 {[%clk 0:44:08]} Qc1+ {[%clk 0:32:08]} 34. Ne1
{[%clk 0:42:15]} Qxb2 {[%clk 0:29:24]} 35. Kg2 {[%clk 0:41:46]} Rh5
{[%clk 0:26:07]} 36. Ng4 {[%clk 0:33:22]} Qc1 {[%clk 0:20:05]} 37. Qe3
{[%clk 0:19:58]} Qa1 {[%clk 0:19:01]} 38. Qe4 {[%clk 0:12:09]} Kg7
{[%clk 0:13:54]} 39. Nf3 {[%clk 0:08:56]} Qxa2 {[%clk 0:07:11]} 40. Ne3
{[%clk 0:37:24]} Rh6 {[%clk 0:31:00]} 41. Ng4 {[%clk 0:36:06]} Rh8
{[%clk 0:29:44]} 42. Nxf6 {[%clk 0:34:58]} Qa1 {[%clk 0:29:04]} 43. Ng4
{[%clk 0:32:25]} Qh1+ {[%clk 0:25:45]} 44. Kf2 {[%clk 0:32:36]} Rd8
{[%clk 0:25:32]} 45. Qe5+ {[%clk 0:32:13]} Kg8 {[%clk 0:17:55]} 46. Qf6
{[%clk 0:26:30]} Rd7 {[%clk 0:15:58]} 47. Nh6+ {[%clk 0:21:57]} Kf8
{[%clk 0:16:19]} 48. Qh8+ {[%clk 0:22:13]} Ke7 {[%clk 0:16:11]} 49. Ng8+
{[%clk 0:22:35]} 1-0

[Event "WCO 2016"]
[Site "?"]
[Date "2016.09.11"]
[Round "9"]
[Board "36"]
[WhiteID "12600326"]
[White "Ameku Philip Elikem"]
[BlackID "15600084"]
[Black "Kahn Tito"]
[Result "1/2-1/2"]
[BlackElo "1880"]
[WhiteElo "1914"]
[LiveChessVersion "1.4.8"]

1. d4 {[%clk 1:30:55]} e6 {[%clk 1:30:43]} 2. e4 {[%clk 1:31:17]} c5
{[%clk 1:30:27]} 3. c3 {[%clk 1:31:13]} d5 {[%clk 1:29:40]} 4. Nd2
{[%clk 1:30:47]} cxd4 {[%clk 1:26:43]} 5. cxd4 {[%clk 1:31:12]} dxe4
{[%clk 1:23:21]} 6. Nxe4 {[%clk 1:31:32]} Nf6 {[%clk 1:23:23]} 7. Bg5
{[%clk 1:29:28]} Qa5+ {[%clk 1:19:30]} 8. Bd2 {[%clk 1:29:41]} Bb4
{[%clk 1:18:36]} 9. Nc3 {[%clk 1:27:42]} Nd5 {[%clk 1:14:18]} 10. Qc2
{[%clk 1:25:50]} Nc6 {[%clk 1:11:07]} 11. Nf3 {[%clk 1:26:12]} Bd7
{[%clk 1:09:00]} 12. Bd3 {[%clk 1:26:25]} Rc8 {[%clk 0:52:08]} 13. O-O
{[%clk 1:25:37]} Bxc3 {[%clk 0:50:58]} 14. bxc3 {[%clk 1:25:23]} Qa3
{[%clk 0:40:52]} 15. Bb5 {[%clk 1:11:26]} a6 {[%clk 0:32:58]} 16. Bc4
{[%clk 1:06:33]} O-O {[%clk 0:29:38]} 17. Bxd5 {[%clk 1:02:01]} exd5
{[%clk 0:30:06]} 18. Ng5 {[%clk 1:01:58]} g6 {[%clk 0:26:48]} 19. Qd3
{[%clk 1:00:50]} f6 {[%clk 0:21:16]} 20. Nf3 {[%clk 0:57:11]} Rfe8
{[%clk 0:19:04]} 21. Nh4 {[%clk 0:54:38]} Qf8 {[%clk 0:18:42]} 22. Qf3
{[%clk 0:53:44]} Qf7 {[%clk 0:18:10]} 23. Rab1 {[%clk 0:52:27]} b5
{[%clk 0:17:38]} 24. Rfe1 {[%clk 0:51:40]} Na5 {[%clk 0:17:40]} 25. Rbd1
{[%clk 0:48:41]} Nc4 {[%clk 0:17:40]} 26. Bc1 {[%clk 0:49:01]} Nd6
{[%clk 0:14:20]} 27. Ba3 {[%clk 0:46:56]} Ne4 {[%clk 0:14:13]} 28. Bb4
{[%clk 0:46:57]} Re6 {[%clk 0:13:10]} 29. Re3 {[%clk 0:45:49]} Rce8
{[%clk 0:13:10]} 30. Rde1 {[%clk 0:46:04]} f5 {[%clk 0:11:37]} 31. Qd1
{[%clk 0:45:06]} f4 {[%clk 0:11:18]} 32. R3e2 {[%clk 0:45:18]} Ng5
{[%clk 0:08:07]} 33. Re5 {[%clk 0:43:42]} Qf6 {[%clk 0:06:34]} 34. Nf3
{[%clk 0:34:37]} Nxf3+ {[%clk 0:06:41]} 35. Qxf3 {[%clk 0:35:03]} Rxe5
{[%clk 0:07:04]} 36. dxe5 {[%clk 0:34:45]} Rxe5 {[%clk 0:07:11]} 37. Kf1
{[%clk 0:25:39]} Bf5 {[%clk 0:03:40]} 38. Rxe5 {[%clk 0:23:47]} Qxe5
{[%clk 0:04:09]} 39. Qe2 {[%clk 0:23:45]} Qe4 {[%clk 0:03:38]} 40. f3
{[%clk 0:53:05]} Qd3 {[%clk 0:31:53]} 41. Kf2 {[%clk 0:53:01]} Qxe2+
{[%clk 0:27:09]} 42. Kxe2 {[%clk 0:53:30]} g5 {[%clk 0:26:57]} 43. Be7
{[%clk 0:52:59]} h6 {[%clk 0:27:06]} 44. h4 {[%clk 0:52:56]} Kf7 {[%clk 0:27:15]}
45. Bd8 {[%clk 0:53:11]} gxh4 {[%clk 0:23:37]} 46. Bxh4 {[%clk 0:53:34]} a5
{[%clk 0:23:20]} 47. Bd8 {[%clk 0:53:47]} Bb1 {[%clk 0:22:03]} 48. a3
{[%clk 0:54:09]} d4 {[%clk 0:19:33]} 49. Bxa5 {[%clk 0:53:08]} dxc3
{[%clk 0:18:38]} 50. Bxc3 {[%clk 0:53:35]} Kg6 {[%clk 0:18:53]} 51. Bb4
{[%clk 0:52:59]} Bf5 {[%clk 0:17:25]} 52. Kd2 {[%clk 0:52:58]} Be6
{[%clk 0:17:07]} 53. Bd6 {[%clk 0:52:06]} Kf5 {[%clk 0:17:21]} 54. Ke1
{[%clk 0:52:00]} Bc4 {[%clk 0:17:11]} 55. Kf2 {[%clk 0:52:27]} Bd3
{[%clk 0:15:29]} 56. Kg1 {[%clk 0:52:45]} Bc4 {[%clk 0:15:09]} 57. Kh2
{[%clk 0:53:11]} Be2 {[%clk 0:15:14]} 58. Kh3 {[%clk 0:53:17]} Bf1
{[%clk 0:15:32]} 59. Kh2 {[%clk 0:53:32]} Be2 {[%clk 0:15:57]} 60. Bf8
{[%clk 0:53:27]} h5 {[%clk 0:15:15]} 61. Bh6 {[%clk 0:53:14]} Bc4
{[%clk 0:15:12]} 62. Kh3 {[%clk 0:53:33]} Bf1 {[%clk 0:15:35]} 63. Kh2
{[%clk 0:53:11]} Bc4 {[%clk 0:15:58]} 1/2-1/2

[Event "WCO 2016"]
[Site "?"]
[Date "2016.09.11"]
[Round "9"]
[Board "33"]
[WhiteID "19600160"]
[White "Yahi Mohamed Salem"]
[BlackID "22000062"]
[Black "Salim Issa Ali Shamas"]
[Result "1-0"]
[BlackElo "1932"]
[WhiteElo "1852"]
[LiveChessVersion "1.4.8"]

1. e4 {[%clk 1:30:51]} e5 {[%clk 1:30:41]} 2. Nf3 {[%clk 1:31:10]} Nc6
{[%clk 1:30:57]} 3. Bc4 {[%clk 1:31:12]} Bc5 {[%clk 1:30:35]} 4. O-O
{[%clk 1:31:14]} Nf6 {[%clk 1:30:49]} 5. d4 {[%clk 1:31:09]} Bxd4
{[%clk 1:30:30]} 6. Nxd4 {[%clk 1:30:56]} Nxd4 {[%clk 1:29:16]} 7. Bg5
{[%clk 1:30:47]} h6 {[%clk 1:28:44]} 8. Bh4 {[%clk 1:30:53]} Ne6 {[%clk 1:28:31]}
9. f4 {[%clk 1:27:23]} Qe7 {[%clk 1:26:26]} 10. Bxe6 {[%clk 1:20:55]} Qxe6
{[%clk 1:26:23]} 11. fxe5 {[%clk 1:08:36]} Nh7 {[%clk 1:23:32]} 12. Qd5
{[%clk 1:06:57]} Qxd5 {[%clk 1:22:23]} 13. exd5 {[%clk 1:07:19]} O-O
{[%clk 1:22:43]} 14. Be7 {[%clk 1:05:42]} Re8 {[%clk 1:22:39]} 15. d6
{[%clk 1:06:03]} cxd6 {[%clk 1:22:08]} 16. exd6 {[%clk 1:06:23]} b6
{[%clk 1:22:07]} 17. Nc3 {[%clk 1:06:30]} Ba6 {[%clk 1:21:56]} 18. Rfe1
{[%clk 1:04:09]} Rac8 {[%clk 1:21:54]} 19. Nd5 {[%clk 1:04:09]} f6
{[%clk 1:18:43]} 20. Nc7 {[%clk 1:04:08]} Bb7 {[%clk 1:18:37]} 21. Nxe8
{[%clk 1:03:59]} Rxe8 {[%clk 1:18:47]} 22. h4 {[%clk 1:04:09]} Kf7
{[%clk 1:18:59]} 23. c4 {[%clk 1:03:54]} Rc8 {[%clk 1:19:11]} 24. Rac1
{[%clk 1:04:09]} Ba6 {[%clk 1:19:24]} 25. Re3 {[%clk 1:03:42]} Bb7
{[%clk 1:19:03]} 26. b4 {[%clk 1:03:16]} a6 {[%clk 1:17:49]} 27. a4
{[%clk 1:02:31]} g5 {[%clk 1:17:55]} 28. g3 {[%clk 0:56:07]} b5 {[%clk 1:15:09]}
29. Rec3 {[%clk 0:52:39]} bxa4 {[%clk 1:15:02]} 30. b5 {[%clk 0:52:06]} gxh4
{[%clk 1:14:58]} 31. gxh4 {[%clk 0:51:42]} Rg8+ {[%clk 1:15:21]} 32. Kh2
{[%clk 0:51:35]} Rg4 {[%clk 1:14:41]} 33. Kh3 {[%clk 0:51:37]} h5
{[%clk 1:14:51]} 34. Rg3 {[%clk 0:50:44]} Rd4 {[%clk 1:13:53]} 35. Rcg1
{[%clk 0:48:38]} Be4 {[%clk 1:13:56]} 36. Rg7+ {[%clk 0:47:36]} Ke6
{[%clk 1:13:33]} 37. bxa6 {[%clk 0:47:01]} Bf5+ {[%clk 1:11:30]} 38. Kg3
{[%clk 0:46:07]} Rxc4 {[%clk 1:11:17]} 39. a7 {[%clk 0:46:14]} Rc8
{[%clk 1:11:40]} 40. Kf4 {[%clk 1:15:40]} Rc4+ {[%clk 1:40:57]} 41. Ke3
{[%clk 1:15:48]} Rc8 {[%clk 1:39:31]} 42. Rg8 {[%clk 1:15:43]} Rc3+
{[%clk 1:39:07]} 43. Kd4 {[%clk 1:15:40]} Rd3+ {[%clk 1:39:00]} 44. Kc4
{[%clk 1:15:30]} Be4 {[%clk 1:23:14]} 45. Re1 {[%clk 1:14:59]} Rxd6
{[%clk 1:23:19]} 46. Rxe4+ {[%clk 1:14:27]} Kf5 {[%clk 1:23:24]} 47. Bxd6
{[%clk 1:14:40]} Kxe4 {[%clk 1:23:21]} 48. a8=Q+ {[%clk 1:14:58]} Ke3
{[%clk 1:23:36]} 49. Rg3+ {[%clk 1:15:04]} Ke2 {[%clk 1:23:57]} 50. Qf3+
{[%clk 1:15:01]} Kd2 {[%clk 1:24:13]} 51. Rg2+ 1-0